000 00759nam a22002057a 4500
005 20241017083601.0
008 241010b |||||||| |||| 00| 0 eng d
020 _a9789813311466
082 _aDC 657.96 J87 2023
100 _aJuan, Ng Eng.
_962707
245 _aConsolidated financial statements :
_bSingapore /
_cNg Eng Juan.
250 _aFourth edition.
260 _aAsia :
_bMcGraw Hill, LLC.,
_c©2023.
300 _axix, 748 pages :
_bcolor illustrations ;
_c25 cm.
500 _aIncludes index.
650 0 _aConsolidation and merger of corporations
_xAccounting.
_963069
650 0 _aFinancial statements, Consolidated
_xStandards.
_963070
650 0 _aFinancial statements, Consolidated
_xStandards
_zSingapore.
_963071
942 _2ddc
_cDC
999 _c22438
_d22438